| 000 | 00498nam a22001697a 4500 | ||
|---|---|---|---|
| 999 |
_c524307 _d524307 |
||
| 003 | NUST | ||
| 038 | _awaseem | ||
| 082 |
_a954.01 _bRUH |
||
| 100 |
_aChand, Tara _915128 |
||
| 245 |
_aHindustani Saqafat Par Islam K Asrat / _cTara chand |
||
| 260 |
_aQueta : _bRoz-ul-Din Ghazanvi Kutab Khana, _c2007. |
||
| 300 | _a343 p. ; | ||
| 500 | _aHardcover. | ||
| 880 |
_6100-02/r _6تارا چند |
||
| 880 |
_6245-02\r _6ہندوستانی ثقافت پراسلام کےاثرات / |
||
| 942 |
_2ddc _cBK |
||